000 00544nam a2200193Ia 4500
005 20250508152444.0
008 008 250505s9999 xx 000 0 eng d
037 _aTextual
040 _aFEDL
_beng
_cFEDL
041 _aeng
_2eng
084 _a370.1, PIL
_qFEDL
100 _aPillai N. P.
245 0 _aEducational aims of Mahatma Gandhi
260 _aTrivandrum, India
_bKalyanmandir Publications
_c1959
300 _a317p.
650 _aEducation - Philosophy
942 _cTEXL
_h370.1, PIL
999 _c1336534
_d1336534